Экономика труда: учебник для вузов

Bibliografische gegevens
Hoofdauteur: Дубровин И. А. Игорь Александрович
Andere auteurs: Каменский А. С. Александр Сергеевич
Samenvatting:В учебнике изложены теоретические и практические основы экономики труда. Описаны специфика экономики труда на предприятиях и рынок рабочей силы, показана роль труда на предприятии, проанализированы существующие виды норм и нормативов труда, даны их классификация и методы нормирования. Рассмотрены формы и системы заработной платы, организация премирования и кадрового обеспечения предприятий. Приведены примеры решения задач, а также вопросы и задания для самопроверки.
Taal:Russisch
Gepubliceerd in: Москва, Дашков и К, 2012
Reeks:Учебные издания для бакалавров
Onderwerpen:
Formaat: Boek
KOHA link:https://koha.lib.tpu.ru/cgi-bin/koha/opac-detail.pl?biblionumber=210662

MARC

LEADER 00000nam0a2200000 4500
001 210662
005 20231101225627.0
010 |a 9785394013492 
035 |a (RuTPU)RU\TPU\book\230082 
090 |a 210662 
100 |a 20120229d2012 m y0rusy50 ca 
101 0 |a rus 
102 |a RU 
105 |a y j 001zy 
200 1 |a Экономика труда  |e учебник для вузов  |f И. А. Дубровин, А. С. Каменский 
210 |a Москва  |c Дашков и К  |d 2012 
215 |a 229 с. 
225 1 |a Учебные издания для бакалавров 
320 |a Библиогр.: с. 228-229. 
330 |a В учебнике изложены теоретические и практические основы экономики труда. Описаны специфика экономики труда на предприятиях и рынок рабочей силы, показана роль труда на предприятии, проанализированы существующие виды норм и нормативов труда, даны их классификация и методы нормирования. Рассмотрены формы и системы заработной платы, организация премирования и кадрового обеспечения предприятий. Приведены примеры решения задач, а также вопросы и задания для самопроверки. 
606 1 |a Труд  |x Экономика  |y Россия  |2 stltpush  |3 (RuTPU)RU\TPU\subj\37095  |9 58241 
610 1 |a рабочая сила 
610 1 |a рынок труда 
610 1 |a эффективность 
610 1 |a трудовой процесс 
610 1 |a организация труда 
610 1 |a нормирование труда 
610 1 |a заработная плата 
610 1 |a оплата труда 
610 1 |a кадры 
610 1 |a кадровое обеспечение 
610 1 |a трудовые коллективы 
610 1 |a социальное развитие 
610 1 |a учебники 
686 |a У9(2)24я73  |v LBC/SL-A  |2 rubbk 
700 1 |a Дубровин  |b И. А.  |g Игорь Александрович 
701 1 |a Каменский  |b А. С.  |g Александр Сергеевич 
801 1 |a RU  |b 63413507  |c 20120229 
801 2 |a RU  |b 63413507  |c 20150519  |g RCR 
900 |a Экономика труда 
942 |c BK 
951 |b 080100  |l 8.1 
959 |a 33/20120227  |d 2  |e 248,00  |f ЧЗГЛ:1  |f АНЛ:1